Financial accounting (Record no. 2965)

000 -LEADER
fixed length control field 00698nam a22002177a 4500
003 - CONTROL NUMBER IDENTIFIER
control field OSt
005 - DATE AND TIME OF LATEST TRANSACTION
control field 20210728052237.0
008 - FIXED-LENGTH DATA ELEMENTS--GENERAL INFORMATION
fixed length control field 210727b ||||| |||| 00| 0 eng d
020 ## - INTERNATIONAL STANDARD BOOK NUMBER
International Standard Book Number 9780470833377
040 ## - CATALOGING SOURCE
Transcribing agency ALUPE UNIVERSITY
050 ## - LIBRARY OF CONGRESS CALL NUMBER
Classification number HF5635
Item number .F56 2004
100 ## - MAIN ENTRY--PERSONAL NAME
Personal name Paul D Kimmel;
245 ## - TITLE STATEMENT
Title Financial accounting
Remainder of title tools for business decision making
250 ## - EDITION STATEMENT
Edition statement 2nd Canadian Edition
260 ## - PUBLICATION, DISTRIBUTION, ETC.
Place of publication, distribution, etc. Etobicoke, Ont. :
Name of publisher, distributor, etc. J. Wiley & Sons Canada,
Date of publication, distribution, etc. ©2004.
300 ## - PHYSICAL DESCRIPTION
Extent xxix, 739, [52] pages
Other physical details illustrated
Accompanying material 1 CD-ROM
Size of unit 29 cm
500 ## - GENERAL NOTE
General note includes bibliographical references and index
650 ## - SUBJECT ADDED ENTRY--TOPICAL TERM
Source of heading or term Barbara Trenholm;
700 ## - ADDED ENTRY--PERSONAL NAME
Personal name Barbara Trenholm; et al
942 ## - ADDED ENTRY ELEMENTS (KOHA)
Source of classification or shelving scheme
Koha item type Book
Suppress in OPAC MM
Holdings
Withdrawn status Lost status Source of classification or shelving scheme Damaged status Not for loan Permanent Location Current Location Shelving location Date acquired Source of acquisition Total Checkouts Full call number Barcode Date last seen Price effective from Koha item type Public note
          AU LIBRARY AU LIBRARY Open Shelf 16.11.2021 DONATION FROM MOI UNIVERSITY   HF5635 .F56 2004 28004766 16.11.2021 16.11.2021 Book MM

Powered by Koha